| 000 | 00994nam a22002657a 4500 | ||
|---|---|---|---|
| 003 | DO-SdBNP | ||
| 005 | 20220826094836.0 | ||
| 007 | ta | ||
| 008 | 220408e2021 dr aoc|gr|||| 001 edspa d | ||
| 020 | _a9789945221572 | ||
| 040 |
_aDO-SdBNP _bspa _cBNPHU |
||
| 082 | 4 |
_a972.9374 _bP644m _222 |
|
| 100 | 1 |
_98443 _aPimentel Muñoz, José, _d1950- |
|
| 245 | 1 | 0 |
_aMemorias de San Cristóbal / _cJosé Pimentel Muñoz |
| 260 |
_aSanto Domingo : _bBúho, _c2021 |
||
| 300 |
_a300 p. : _bil., fots. retrs.; _c23 cm. |
||
| 500 | _aIncluye datos biográficos del autor en la solapa de la cubierta. | ||
| 500 | _aIncluye notas al pie de las páginas | ||
| 590 | _aInventariado 2022 / MF | ||
| 650 | 4 |
_aCiudades y pueblos _zRepública Dominicana _xHistoria _98393 |
|
| 651 | 4 |
_aSan Cristóbal (República Dominicana) _xHistoria local _951363 |
|
| 651 | 4 |
_aSan Cristóbal (República Dominicana) _vVida social y costumbres _982252 |
|
| 910 | _aMFeliz/Validado. Control de calidad MFF | ||
| 942 |
_2ddc _cLBS1 |
||
| 999 |
_c51502 _d51502 |
||